000 00230nam a2200097Ia 4500
008 170619s9999 xx 000 0 und d
100 _aEtten- Van
245 0 _aIntro. to Random Signals and Noise
260 _bWiley-India
260 _c2009
546 _aENGLISH
999 _c20448
_d20448